Logo BPK

Biblioteka

Politechniki Koszalińskiej

Gesammelte Tiergeschichten : (Rekord nr 50036)

Szczegóły MARC
000 -ETYKIETA REKORDU
podpole kontrolne o stałej długości 00496nam a2200181 i 4500
001 - NUMER KONTROLNY REKORDU
pole kontrolne bgj
040 ## - ŹRÓDŁO KATALOGOWANIA
Instytucja, która utworzyła rekord BPK
041 0# - KOD JĘZYKA
Kod języka tekstu ger
044 ## - KOD KRAJU WYDAWCY/PRODUCENTA
Kod kraju wydawcy/producenta DEU
080 ## - UNIWERSALNA KLASYFIKACJA DZIESIĘTNA - UKD
UKD 821.112.2-3
008 - POLE O STAŁEJ DŁUGOŚCI - DANE KONTROLNE
podpole kontrolne o stałej długości s gw f |000 0 ger
100 1# - NAZWA OSOBOWA
Nazwa osobowa KYBER, Manfred.
245 10 - TYTUŁ/ODPOWIEDZIALNOŚĆ
Tytuł Gesammelte Tiergeschichten :
Ciąg dalszy tytułu Unter Tieren und Neue Tiergeschichten /
Pozostałe elementy strefy tytułu i oznaczenia odpowiedzialności Manfred Kyber.
260 ## - STREFA ADRESU WYDAWNICZEGO
Miejsce wydania Leipzig :
Nazwa wydawcy/dystrybutora Hesse & Becker Verlag,
Data publikacji, dystrybucji/powstania dokumentu 1930.
300 ## - STREFA OPISU FIZYCZNEGO
Objętość 314, [1] s. ;
Rozmiary 19 cm.
650 9# - HASŁO PRZEDMIOTOWE W FORMIE NAZWY OGÓLNEJ LUB JEDNOSTKOWEJ
Nazwa ogólna lub geograficzna Powieść niemiecka
856 ## - LOKALIZACJA I DOSTĘP DO ELEKTRONICZNYCH DOKUMENTÓW ZDALNYCH
Link (URL) http://koha.tu.koszalin.pl/cgi-bin/koha/opac-detail.pl?biblionumber=50036
Tekst linku Katalog online BPK
942 ## - DODATKOWE ELEMENTY (KOHA)
Typ dokumentu Książka
Egzemplarze
Wycofany Status egzemplarza Uszkodzony Ograniczenia udostępniania Dostępność Kolekcja Lokalizacja stała Lokalizacja bieżąca Miejsce przechowywania Sygnatura Kod kreskowy Typ dokumentu Uwaga przeznaczona na użytek publiczny
      Dostęp zastrzeżony Tylko na miejscu Bibliotekarstwo Biblioteka Politechniki Koszalińskiej Biblioteka Politechniki Koszalińskiej Zbiory Wewnętrzne S 2672 02435282 Książka D5
© 2023 Biblioteka Politechniki Koszalińskiej :: KOHA